00414 a2200133 450000500170000002000180001708200150003510000190005024500470006925000130011626000520012930000630018170000360024420250403080815.0 a0-13-555814-x a670.42 AMR aAMRINE, H. T.  aManufacturing Organization and Management  a4th Ed.  aEnglewood Cliffs, bPrentice-Hill, Inc. c1987. axii, 548p., ill., figure, table, picture,bIndex,c23cm.  aRITCHEY, J. A. & MOODIE, C. L.